| 000 | 00970cam a2200277 a 4500 | ||
|---|---|---|---|
| 001 | 646 | ||
| 005 | 20231211145101.0 | ||
| 020 | _a9780618968633 | ||
| 020 | _a0618968636 | ||
| 040 |
_aDLC _cDLC _dDLC _beng |
||
| 050 | 0 | 0 |
_aPZ7.T5744 _bHo 2007 |
| 082 | 0 | 0 |
_a[Fic] _222 |
| 100 | 1 |
_aTolkien, J. R. R. _q(John Ronald Reuel), _d1892-1973. |
|
| 245 | 1 | 4 |
_aThe hobbit, or, There and back again / _cJ.R.R. Tolkien. |
| 246 | 3 | _aHobbit | |
| 246 | 3 | _aThere and back again | |
| 260 |
_aBoston : _bHoughton Mifflin, _c2007. |
||
| 300 |
_axix, 300 p. : _billustrations, 1 map ; _c23 cm. |
||
| 505 | _aU | ||
| 520 | _aBilbo Baggins, a respectable, well-to-do hobbit, lives comfortably in his hobbit-hole until the day the wandering wizard Gandalf chooses him to take part in an adventure from which he may never return. | ||
| 521 |
_a1000
_bLexile |
||
| 521 |
_aU
_bRaz-Plus |
||
| 650 | 1 | _aFantasy. | |
| 906 |
_a7 _bcbc _corignew _d1 _eecip _f20 _gy-gencatlg |
||
| 942 |
_2lcc _cBK _n0 |
||
| 999 |
_c646 _d646 |
||